000 00692nas a2200241 4500
001 BR8002229
003 BR-BrBNA
005 20231205084301.0
007 ta
008 230509b bl.|||p| |||| 00| 00por d
040 _aBR-BrBNA
_bpor
_cBiblioteca Nacional de Agricultura
041 _a(Pt)
072 _aF25
100 1 _aRodrigues, M.
100 1 _aMenezes, F.R.
245 1 _aA racionalizacao leva aos melhores resultados [Adubo; Brasil]
650 _aFertilizante
650 _aAdubo
650 _aInsumo
773 0 _tAgricultura de Hoje (Brazil)
_xISSN 0100-5707
_g(May 1980), v. 5(59) p. 12-13
_wBR8002229
909 _a202311
_bLúcia
_c55
_dLúcia Elande
942 _2AGRIS
_n0
_cANA
999 _c104258
_d104258